00946nam a2200241 i 4500001000700000003000900007005001700016007000300033008004100036020001400077080001400091100004700105240002900152245011100181260003900292300002200331490005000353700003800403830005800441852006400499999001900563952012200582134580ES-MaACL20251116063108.0t|070912s1972 xxk ||||1| eng d a090041562 a821.134.21 aRojas, Fernando de, dca. 1470-154199904213aLa Celestina. lInglés10aCelestine or the tragick-comedie of Calisto and Melibea / cFernando de Rojas ; translated by James Mabbe. aLondon : bTamesis Books, c[1972] a268 p. ; c24 cm.1 aColección Támesis. Serie B. Textos ; v141 aMabbe, James (d1572-1642)9749951 aColección Támesis. Serie B. Textos ; v1492198604 aES-MaACLjE-12116 z- Biblioteca Jacinto Martínez Lacalle c134580d134580 00104070aATENEOMbATENEOMcDEPO2d2008-01-17eSCl0oE-12116p1140080r2023-02-23 00:00:00w2023-02-23yMONOGRAFIA